000 00590nam a2200205 4500
003 OSt
005 20260530115304.0
008 260423b1971 nyua|||| |||| 00| 0 eng d
040 _aICI
_bspa
_cICI
050 _aNC1000
_bT38
100 1 _aTaylor, Richard,
_931687
245 1 2 _aA basic course in graphic design
264 1 _bStudio Vista ; |a Neew York :
_bVan Nostrand Reinhold,
_c1971
_aLondon :
300 _a96 páginas
336 _atexto
_2rdacontent
337 _asin medio
_2rdamedia
338 _avolumen
_2rdacarrier
650 4 _aArtes gráficas
_xTécnica
942 _2lcc
_cBK
_n1
999 _c13005
_d13005